Álgebra

Salvato in:
Dettagli Bibliografici
Autore principale: Jiménez Osuna, José Miguel
Natura: Libro
Lingua:spagnolo
Pubblicazione: Madrid : Imprenta Clásica Española, 1923
Catalogo:MANES:  Risultati della ricerca del catalogo della biblioteca
Libro di testo Classificazione:
Serie:Matemáticas Elementales para la Enseñanza Media (Bachillerato, Magisterio, Comercio, etc.). Cuarto Curso
Tags: Aggiungi Tag
Nessun Tag, puoi essere il primo ad aggiungerne!!
Aggiunto a:2019-02-09
Cambiato in:2025-05-07

MARC

LEADER 00000cam a2200000 4500
005 20250507134549.0
008 190210S1923 esp p 000 00spa0d
040 |a uned  |b spa  |c entro-manes 
100 1 |a Jiménez Osuna, José Miguel  |9 36794 
245 1 0 |a Álgebra /  |c por José M. Jiménez Osuna 
260 |a Madrid :   |b Imprenta Clásica Española,   |c 1923 
300 |a 253 p. 
490 0 |a Matemáticas Elementales para la Enseñanza Media (Bachillerato, Magisterio, Comercio, etc.). Cuarto Curso 
546 |a España 
561 |5 es-BUNED  |3 L.T. 1593  |a España. Fondo Manes UNED  |k MANES 
690 0 |a MATE 
691 0 |a SE 
942 |2 ddc  |c BK 
999 |c 97396  |d 97396 
999 |c manes:97396  |d 97396